Ética de enfermería / (Registro nro. 26082)

MARC details
000 -LÍDER
campo de control de logitud fija 00665cam a2200229 a 4500
001 - NÚMERO DE CONTROL
control field u160837
003 - IDENTIFICADOR DEL NÚMERO DE CONTROL
campo de control SIRSI
008 - ELEMENTOS DE LONGITUD FIJA -- INFORMACIÓN GENERAL
campo de control de longitud fija 990322s1998 mx fr 000 0 spa d
020 ## - NÚMERO INTERNACIONAL NORMALIZADO PARA LIBROS
Número Internacional Normalizado del libro 9701019695
040 ## - FUENTE DE CATALOGACION
Agencia que realiza la transcripción MX-MeUAM
041 0# - CÓDIGO DE IDIOMA
Código de idioma para texto/pista de sonido o título separado spa
050 #0 - SIGNATURA TOPOGRÁFICA DE LA BIBLIOTECA DEL CONGRESO
Classification number RT85
Item number B35
100 1# - ASIENTO PRINCIPAL--NOMBRE PERSONAL
Personal name Balderas Pedrero, María de la Luz.
245 10 - MENCIÓN DE TITULO
Title Ética de enfermería /
Statement of responsibility, etc. María de la Luz Balderas Pedrero.
260 ## - PUBLICACION, DISTRIBUCION, ETC.
Place of publication, distribution, etc. México :
Name of publisher, distributor, etc. McGraw-Hill Interamericana,
Date of publication, distribution, etc. 1998.
300 ## - DESCRIPCIÓN FÍSICA
Extent xi, 56 p. ;
Dimensions 23 cm.
490 0# - MENCIÓN DE SERIE
Series statement Ediciones económicas de enfermería.
504 ## - NOTA DE BIBLIOGRAFÍA, ETC.
Bibliography, etc Incluye referencias bibliográficas.
596 ## -
-- 10 12
650 #7 - ASIENTO SECUNDARIO DE MATERIA - TERMINO TEMÁTICO
Topical term or geographic name as entry element Enfermería
General subdivision Ética.
Source of heading or term lemb
942 ## - TIPO DE MATERIAL (KOHA)
Koha item type Libro
Existencias
Estado de retiro Fuente de clasificación Colección Ubicación permanente Ubicación actual Fecha de ingreso Precio Total Checkouts Signatura topográfica Código de barras Date last seen Date last checked out Número de copia Tipo de material
    Acervo General Facultad de Enfermería Facultad de Enfermería 17/08/2023 355.00 1 RT85 B35 ENF005180 19/02/2018 01/09/2016 1 Libro
    Acervo General Facultad de Enfermería Facultad de Enfermería 17/08/2023 355.00   RT85 B35 ENF005181 11/08/2016   2 Reserva absoluta

Con tecnología Koha